00818nam a2200217 a 450000100100000000500170001000800410002702000150006804000250008310000380010824500980014626000450024430000350028949000250032450000550034970000330040483000320043704900090046995201050047899900170058300002239620200930011718.0101007s2002 dr 001 0 spa d a0942347641 aDO-SdBNPbspacBNPHU1 aQuiñones, Alfonsod1959-94618010aAndy Montañez :bel ser humano y el artista /cAlfonso Quiñones ; editor José Carvajal. aColombia :bEdiciones del Puerto,c2002. a158 p. :bil., retrs ;c19 cm.1 aEn voz propiavno. 2 aIncluye datos biográficos del autor en la solapa1 aCarvajal, Joséeed.912340 0aEn voz propiavno. 2946181 aBNPD 0010718PDaGRbGRcCTd2010-10-07iLF1l0o p22396-10r2020-06-25w2020-06-25yLFPDZNo se presta c21894d21894